|
|
|
|
| LEADER |
00650nab a2200181 i 4500 |
| 001 |
acta14012 |
| 005 |
20210412081545.0 |
| 008 |
161015s1964 hu o 0|| eng d |
| 022 |
|
|
|a 0001-6969
|
| 040 |
|
|
|a SZTE Egyetemi Kiadványok Repozitórium
|b hun
|
| 041 |
|
|
|a eng
|
| 100 |
1 |
|
|a Halmos Paul Richard
|
| 245 |
1 |
0 |
|a Numerical ranges and normal dilations
|h [elektronikus dokumentum] /
|c Halmos Paul Richard
|
| 260 |
|
|
|c 1964
|
| 300 |
|
|
|a 1-5
|
| 490 |
0 |
|
|a Acta scientiarum mathematicarum
|v 25 No. 1-2
|
| 695 |
|
|
|a Természettudomány, Matematika, Művelődés
|
| 856 |
4 |
0 |
|u http://acta.bibl.u-szeged.hu/14012/1/math_025_fasc_001_002_001-005.pdf
|z Dokumentum-elérés
|